| 000 | 00410nam a22001337a 4500 | ||
|---|---|---|---|
| 999 |
_c517283 _d517283 |
||
| 008 | 210708b ||||| |||| 00| 0 eng d | ||
| 100 |
_aBansal, Prachi and Rawal, Vikas _926383 |
||
| 245 | _aEconomic liberalization and fertilizer polices in India | ||
| 260 | _aSocial Scientist | ||
| 300 | _a48(9-10), Sep-Oct, 2020: p.33-54 | ||
| 773 | _aSocial Scientist | ||
| 906 | _aFERTILIZERS - INDIA | ||
| 942 | _cAR | ||